000 00475nam a2200181Ia 4500
005 20250508160538.0
008 008 250505s9999 xx 000 0 eng d
037 _aTextual
040 _aFEDL
_beng
_cFEDL
041 _aeng
_2eng
084 _aB, RAJ
_qFEDL
100 _aTagore Saumyendranath
245 0 _aRaja Rammohun Roy
260 _aNew Delhi, India
_bSahitya Akademi
_c1966
300 _a63p.
942 _cTEXL
_hB, RAJ
999 _c1365275
_d1365275